Religion Quiz

Random Religion or Judaism Quiz

Quick Pick: Psalm 55:22 (NIV) Quiz Stats

 Plays Quiz not verified by Sporcle

Score 0/19 Timer 01:30
0 Plays Today
% Correct
He
85.3%
let
79.4%
the
79.4%
shaken.
76.5%
Cast
73.5%
will
73.5%
your
70.6%
on
70.6%
Lord
70.6%
He
70.6%
% Correct
cares
67.6%
will
67.6%
be
67.6%
the
64.7%
you;
64.7%
never
64.7%
and
61.8%
righteous
61.8%
sustain
58.8%

You're not logged in!

Compare scores with friends on all Sporcle quizzes.
OR
Log In

You Might Also Like...

Show Comments

Extras

Top Quizzes Today


Score Distribution

Your Account Isn't Verified!

In order to create a playlist on Sporcle, you need to verify the email address you used during registration. Go to your Sporcle Settings to finish the process.

Report this User

Report this user for behavior that violates our Community Guidelines.

Details: